000 00725nam a2200229Ia 4500
005 20250508163844.0
008 008 250505s9999 xx 000 0 eng d
020 _a1-878-28964-0
037 _aReference
040 _aFEDL
_beng
_cFEDL
041 _aeng
_2eng
084 _a303.4833, CLA
_qFEDL
100 _aClarke Steve
245 0 _aHuman centered methods in information systems:Current research and practice
260 _aHershey USA
_bIdea Group Publishing
_c2000
300 _av,237p.
365 _aUSD
_b69.95
650 _aInformation technology-social aspects; Information system
_9776578
700 _a Lehaney Brian
_9776579
942 _cREF
_h303.4833, CLA
999 _c1385624
_d1385624